| 000 | 00647nam a2200205 u 4500 | ||
|---|---|---|---|
| 005 | 20250910063906.0 | ||
| 008 | 100205s2005 ag r 000 0 spa d | ||
| 020 | _a9505077394 | ||
| 035 | _aUPN01000174465 | ||
| 049 | _aCG | ||
| 050 | 4 |
_aHV5808 _bY3.2 |
|
| 100 | 1 |
_aYaría, Juan Alberto, _d1945- |
|
| 245 | 1 | 0 |
_aDrogas : _bescuela, familia y prevención / _cJuan A. Yaría. |
| 260 |
_aBuenos Aires : _bBonum, _c2005. |
||
| 300 |
_a235 p. : _bgráfs., tablas |
||
| 650 | 7 |
_aAbuso de drogas _xPrevención _2 _95967 |
|
| 650 | 4 |
_aDROGAS - _xESTUDIO Y ENSEÑANZA (SECUNDARIA) _915451 |
|
| 650 | 4 |
_aValores _xEstudio y enseñanza _9310 |
|
| 905 | _aLibro | ||
| 999 |
_c146569 _d146569 |
||